LEADER 03057oam 2200469 450 001 9910418320203321 005 20230621135952.0 024 8 $ahttps://doi.org/10.30819/4714 035 $a(CKB)4100000011479681 035 $a(oapen)https://directory.doabooks.org/handle/20.500.12854/64496 035 $a(ScCtBLL)7bb6e50f-6289-4eec-acab-8b10e85a44dc 035 $a(EXLCZ)994100000011479681 100 $a20210223h20182018 fy 0 101 0 $ager 135 $aur||#|||||||| 181 $ctxt$2rdacontent 182 $cc$2rdamedia 183 $acr$2rdacarrier 200 10$aExperimentelle und simulative Untersuchung von Dieseloxidationskatalysatoren bei reversibler Edelmetalloxid-Bildung /$fHendrik Nicolas Dubbe 210 $aBerlin/Germany$cLogos Verlag Berlin$d2018 210 1$aBerlin, Germany :$cLogos Verlag Berlin GmbH,$d[2018] 210 4$d©2018 215 $a1 online resource (XII, 209 pages) $cillustrations, charts; digital file(s) 300 $aAuthor's doctoral thesis: von der Fakultät für Energie-, Verfahrens- und Biotechnikder Universität Stuttgart. 311 08$aPrint version: 3832547142 320 $aIncludes bibliographical references. 330 $aNeuere Erkenntnisse zum Umsatzverhalten an Dieseloxidationskatalysatoren (DOCs) zeigen, dass das Umsatzverhalten von Schadstoffen vom Oxidationsgrad der verwendeten Edelmetallkatalysatoren abhängen kann. Dabei wird deutlich, dass sich der Oxidationsgrad bei typischen Abgaszusammensetzungen langsam und reversibel mit der Katalysatortemperatur ändert. Das kann bei periodischen Katalysatortemperaturänderungen zu einem ausgeprägten Hystereseverhalten führen. Bisherige Ergebnisse liegen insbesondere zum Verhalten der NO-Oxidation an Platin-Katalysatoren vor. Ziel der vorliegenden Arbeit ist es daher, die Untersuchungen auf seriennahe Pd- und PtPd-Mischkatalysatoren sowie auf andere abgastypische Schadstoffe, wie CO und Kohlenwasserstoffe, zu erweitern und dabei auch den Einfluss der Katalysatoralterung zu erfassen. Es wurde ein globalkinetisches Modell entwickelt und an die experimentellen Befunde angepasst. Dabei zeigte sich, dass es in der Regel möglich ist, das Umsatzverhalten bei reinen Pt- und Pd-Katalysatoren mit diesem örtlich eindimensionalen, makrokinetischen Zweiphasenmodell zutreffend zu beschreiben, wohingegen das Verhalten auf Pt/Pd-Mischkatalysatoren weniger gut simuliert werden kann. Dies ist vermutlich auf die heterogene Struktur der Pt/Pd-legierten Partikel zurückzuführen. 606 $aChemistry 610 $aDeaktivierung 610 $aDieseloxidationskatalysator 610 $aHysterese 610 $aPlatin 610 $aPalladium 615 0$aChemistry. 676 $a629.2528 700 $aDubbe$b Hendrik Nicolas$0900583 712 02$aUniversita?t Stuttgart, 801 0$bUkMaJRU 906 $aBOOK 912 $a9910418320203321 996 $aExperimentelle und simulative Untersuchung von Dieseloxidationskatalysatoren bei reversibler Edelmetalloxid-Bildung$92012016 997 $aUNINA LEADER 01450nam0 22003131i 450 001 UON00221536 005 20231205103417.139 010 $a88-7890-127-X 100 $a20030730d1994 |0itac50 ba 101 $aita 102 $aIT 105 $a|||| ||||| 200 1 $a Ambiente, economia, ecosistemi$eDai limiti dello sviluppo alla sostenibilità$e(Appunti dalle lezioni di geografia economica)$fGiorgio Spinelli$gLidia Scarpelli 210 $aRoma$cEdizioni Kappa$d1994 215 $a92 p.$d24 cm. Sul front.: Dipartimento di Studi Geoeconomici Statistici e Storici per l'Analisi Regionale. 410 1$1001UON00175883$12001 $a Università degli Studi "La Sapienza" di Roma. 606 $aAmbiente ed economia$xRapporti$3UONC038420$2FI 606 $aGeografia e ambiente$3UONC047161$2FI 620 $aIT$dRoma$3UONL000004 676 $a333.7$cECONOMIA DELLE RISORSE NATURALI ED ENERGIA$v20 700 1$aSPINELLI$bGiorgio$3UONV104743$0485019 701 1$aScarpelli$bLidia$3UONV134217$077836 712 $aKappa$3UONV246964$4650 801 $aIT$bSOL$c20251205$gRICA 899 $aSIBA - SISTEMA BIBLIOTECARIO DI ATENEO E ARCHIVIO STORICO$2UONSI 912 $aUON00221536 950 $aSIBA - SISTEMA BIBLIOTECARIO DI ATENEO E ARCHIVIO STORICO$dSI VII GEO D 0507 $eSI SC 35165 5 0507 996 $aAmbiente, economia, ecosistemi$91267392 997 $aUNIOR